Conseillers fédéraux de Suisse - Statistiques

Statistiques générales
  • Ce quiz a été pris 179 fois
    162 depuis la dernière actualisation
  • Le résultat moyen est 25 sur 119
Statistiques - réponses
Date d'élection Réponse % Correct
14.12.2011 Alain Berset
90%
20.09.2017 Ignazio Cassis
89%
09.12.2015 Guy Parmelin
88%
05.12.2018 Karin Keller-Sutter
82%
22.09.2010 Simonetta Sommaruga
78%
10.12.2008 Ueli Maurer
78%
05.12.2018 Viola Amherd
78%
16.09.2009 Didier Burkhalter
65%
10.12.2003 Christoph Blocher
63%
12.12.2007 Eveline Widmer-Schlumpf
60%
04.12.2002 Micheline Calmy-Rey
60%
11.03.1998 Pascal Couchepin
59%
22.09.2010 Johann Schneider-Ammann
57%
14.06.2006 Doris Leuthard
55%
09.12.1987 Adolf Ogi
52%
10.03.1993 Ruth Dreifuss
48%
07.12.1983 Jean-Pascal Delamuraz
45%
10.12.2003 Hans-Rudolf Merz
43%
27.09.1995 Moritz Leuenberger
43%
11.03.1999 Ruth Metzler-Arnold
39%
02.10.1984 Elisabeth Kopp
36%
06.12.2000 Samuel Schmid
36%
11.03.1999 Joseph Deiss
33%
01.02.1989 Kaspar Villiger
33%
10.12.1986 Flavio Cotti
31%
05.12.1979 Leon Schlumpf
29%
16.08.1895 Eduard Müller
28%
10.12.1986 Arnold Koller
27%
05.12.1973 Georges-André Chevallaz
27%
14.12.1944 Max Petitpierre
27%
27.09.1962 Roger Bonvin
24%
07.12.1983 Otto Stich
23%
09.12.1987 René Felber
22%
16.11.1848 Jonas Furrer
19%
08.12.1971 Kurt Furgler
19%
13.12.1928 Marcel Pilet-Golaz
18%
14.12.1911 Giuseppe Motta
17%
26.06.1917 Gustave Ador
17%
11.12.1919 Jean-Marie Musy
16%
18.12.1875 Numa Droz
16%
10.12.1969 Pierre Graber
16%
07.12.1977 Pierre Aubert
14%
16.11.1848 Ulrich Ochsenbein
14%
03.03.1881 Antoine Louis John Ruchonnet
13%
22.02.1940 Enrico Celio
13%
14.12.1893 Eugène Ruffy
13%
15.12.1966 Nello Celio
13%
06.12.1867 Victor Ruffy
13%
16.11.1848 Daniel-Henri Druey
12%
07.12.1872 Eugène Borel
12%
16.12.1954 Giuseppe Lepori
12%
17.12.1959 Hans Peter Tschudi
12%
14.09.1950 Josef Escher
12%
14.12.1899 Marc-Emile Ruchet
12%
16.12.1954 Paul Chaudet
12%
28.03.1934 Philipp Etter
12%
14.12.1899 Robert Comtesse
12%
08.12.1965 Rudolf Gnägi
12%
08.12.1982 Alphons Egli
11%
17.07.1912 Camille Decoppet
11%
11.12.1890 Emil Frey
11%
17.12.1959 Jean Bourgknecht
11%
22.03.1934 Johannes Baumann
11%
17.12.1891 Joseph Zemp
11%
12.12.1863 Karl Schenk
11%
16.11.1848 Martin J. Munzinger
11%
08.12.1982 Rudolf Friedrich
11%
16.11.1848 Stefano Franscini
11%
12.12.1929 Albert Meyer
10%
10.12.1875 Bernhard Hammer
10%
11.07.1855 Constant Fornerod
10%
11.12.1919 Ernest Chuard
10%
07.12.1977 Fritz Honegger
10%
05.12.1973 Hans Hürlimann
10%
06.12.1854 Jakob Stämpfli
10%
11.12.1947 Rodolphe Rubattel
10%
12.12.1929 Rudolf Minger
10%
13.12.1888 Walter Hauser
10%
18.07.1940 Walther Stampfli
10%
10.04.1883 Adolf Deucher
8%
15.12.1892 Adrien Lachenal
8%
04.04.1911 Arthur Hoffmann
8%
17.07.1912 Edmund Schulthess
8%
10.12.1940 Eduard von Steiger
8%
08.12.1866 Emil Welti
8%
25.03.1897 Ernst Brenner
8%
10.12.1969 Ernst Brugger
8%
15.12.1943 Ernst Nobs
8%
12.06.1913 Felix-Louis Calonder
8%
04.04.1935 Hermann Obrecht
8%
12.07.1864 Jean-Jacques Challet-Venel
8%
12.03.1912 Louis Perrier
8%
11.12.1902 Ludwig Forrer
8%
17.12.1959 Ludwig von Moos
8%
13.12.1951 Markus Feldmann
8%
13.12.1951 Max Weber
8%
01.02.1870 Paul Ceresole
8%
10.12.1878 Simeon Bavier
8%
16.12.1954 Thomas Holenstein
8%
21.03.1879 Wilhelm Hertenstein
8%
16.11.1848 Wilhelm Matthias Naeff
8%
05.12.1973 Willi Ritschard
8%
10.12.1875 Fridolin Anderwert
7%
16.11.1848 Friedrich Frey-Herosé
7%
11.12.1958 Friedrich Traugott Wahlen
7%
30.07.1857 Giovanni Battista Pioda
7%
15.06.1961 Hans Schaffner
7%
12.02.1920 Heinrich Häberlin
7%
30.07.1861 Jakob Dubs
7%
10.12.1875 Joachim Heer
7%
12.07.1872 Johann Jakob Scherer
7%
17.06.1908 Josef Anton Schobinger
7%
11.12.1919 Karl Scheurer
7%
13.12.1917 Robert Haab
7%
17.12.1959 Willy Spühler
7%
15.12.1938 Ernst Wetter
6%
10.12.1940 Karl Kobelt
6%
14.07.1855 Melchior Josef Martin Knüsel
6%
22.12.1953 Hans Streuli
4%
Aucun quiz correspondant
Distribution des résultats
% des personnes avec chaque résultat
Percentile par nombre de réponses
Votre historique - résultats
Vous n’avez pas pris ce quiz depuis la dernière actualisation